| 000 | 00868nam a22002057a 4500 | ||
|---|---|---|---|
| 003 | OSt | ||
| 005 | 20250911170459.0 | ||
| 008 | 240223b ||||| |||| 00| 0 eng d | ||
| 040 | _c0 | ||
| 082 | _aDPer 621.317 Ie21 May 2022 v. 37 n. 5 | ||
| 100 |
_aXu, Fei. _eauthor. _953258 |
||
| 245 |
_aInductive power transfer system with maximum efficiency tracking control and real-time mutual inductance estimation / _cFei Xu, Siu-Cong Wong, and Chi K. Tse. |
||
| 260 |
_aNew York ; _bThe Institute of Electrical and Electronics Engineers, Inc. , _cMay 2022. |
||
| 300 |
_aVolume 37, pages 6156-6167 : _billustration ; _c28cm. |
||
| 500 | _aIEEE Transactions on Power Electronics, vol. 37, no. 5, pages 6156-6167, May 2022. | ||
| 700 |
_aXu, Fei. _eauthor. _953258 |
||
| 700 |
_aWong, Siu-Cong. _eauthor. _953259 |
||
| 700 |
_aTse, Chi K. _eauthor. _953260 |
||
| 942 |
_2ddc _cPER |
||
| 999 |
_c19340 _d19340 |
||